000
00257nam a2200097Ia 4500
001
660359
005
20250826160112.0
008
250824s9999 xx 000 0 und d
245
0
_a
Ece Yüce/Ablalar Yaramazlık Yapar mı?
_c
Gülten Dayıoğlu
260
_b
ALTIN
999
_c
660359
_d
660359